000 01231cam a2200373 i 4500
001 2074
003 FISKH
005 20231103135431.0
008 100706s2010 nyua j 000 0 eng
010 _a 2010280732
020 _a9780312508364 (hardback)
020 _a0312508360 (hardback)
040 _aDLC
_beng
_cDLC
_dDLC
_erda
_dDLC
042 _apcc
050 0 0 _aTX355
_b.F543 2010
082 0 0 _a641.3
_223
100 _aPriddy, Roger
245 0 0 _aFood :
_ba lift-the-flap shadow book /
264 1 _aNew York :
_bPriddy Books,
_c2010.
300 _a14 unnumbered pages :
_billustrations ;
_c14 cm
505 _aA
520 2 _aInvites young readers to lift flaps depicting the outlines of broccoli, an apple, and other foods to reveal a color photograph of the item. On board pages.
521 8 _a10
_bLexile
521 8 _aA
_bRaz-Plus
650 0 _aFood
_vPictorial works
_vJuvenile literature.
650 0 _aLift-the-flap books
_vSpecimens.
650 0 _aBoard books
_vSpecimens.
650 1 _aFood
_vPictorial works.
650 1 _aLift-the-flap books.
650 1 _aToy and movable books.
710 2 _aPriddy Books.
906 _a7
_bcbc
_corigres
_d3
_encip
_f20
_gy-gencatlg
942 _2ddc
_cBK
_n0
999 _c2074
_d2074